000 01063nam a2200229Ia 4500
003 IN-BaIIA
008 211028s9999 xx 000 0 eng d
040 _cIIA Library
080 _a535.417(063)
_bESO
111 _aColloquium on Kilometric Optical Arrays in Space
_d1984 Oct. 23-25
_918337
245 0 _aproceedings of the colloquium on kilometric optical arrays in space
_bproceedings of the colloquium on kilometric optical arrays in space, 23-25 October, 1984, Cargèse, Corsica, France / co-sponsored by the European Space Agency (ESA), Centre d'Etudes et de Recherches, Geeodynamiques et Astronomiques (CERGA)
_cedited by N. Longdon and O. Melita
260 _aParis
_bEuropean Space Agency
_c1985
300 _avi, 194p.
490 _aESA SP-226
650 _aInterferometric arrays
_918338
650 _aKilometric optical arrays
_918339
650 _aSpace arrays
_918340
650 _aSpace telescope
_912558
700 _aLongdon, N., ed.
_915539
700 _aMelita, O., ed.
_915540
942 _cBK
999 _c10750
_d10750